| 000 | 00761na a2200253 4500 | ||
|---|---|---|---|
| 001 | 20848 | ||
| 003 | MIRAKIL | ||
| 005 | 20181213155323.0 | ||
| 008 | 180118b tu 000 0 | ||
| 035 | _a20848 | ||
| 040 |
_aMilas _btur _cTR-AnCHP |
||
| 041 | _atur | ||
| 082 |
_a330.9561 _bT51e 2014 |
||
| 090 | _a330.9561 T51e 2014 | ||
| 110 | _aTicaret ve Sanayi Odası | ||
| 245 |
_aEkonomik rapor 2014 _cMTSO |
||
| 260 |
_aMersin _bMTSO _c2015 |
||
| 300 |
_a194 s. _btbl. ; grf. ; res. _c27 sm. |
||
| 490 |
_aMersin Ticaret ve Sanayi Odası _v2015-7 |
||
| 650 |
_aTicaret ve Sanayi Odaları ( Mersin) _xEkonomik durum _yRaporlar |
||
| 650 |
_aTürkiye _xEkonomik durum _yRaporlar |
||
| 710 | _aMersin Ticaret ve Sanayi Odası (MTSO) | ||
| 942 |
_2ddc _cBKS |
||
| 999 |
_c10471 _d10471 |
||